01336nam a2200241 a 450000100080000000500110000800800410001910000200006024500580008026000350013830000100017352007520018365000120093565000150094765000220096265000130098465000160099765000110101365000200102465300140104465300150105865300210107312093442002-03-01 1969 bl uuuu 00u1 u #d1 aDYNE, G. M. van aThe ecosystem concept in natural resource management. aNew York: Academic Pressc1969 a383p. aThe meaning, origin, and importance of ecosystem concepts; The natural resource ecosystem; Historical development of the ecosystem concept; Examples of research development and research results applying ecosystem concepts; Procedures for study of grassland ecosystems; The waterhed-ecosystem concept and studies of nutrient cycles; A study of an ecosystem: the arctic tundra; Ecosystem concepts in natural resource management fields; Range management viewed in the ecosystem framework; Forestry viewed in an ecosystem perspective; Ecosystem concepts in fish and game management; Ecosystem models in watershed management; Instilling the ecosystem concept in training; Implementing the ecosystem concept in training in the natural resource sciences. aecology aecosystems anatural resources aEcologia aEcossistema aManejo aRecurso Natural aEcosystem aManagement aNatural resource